000 01440nam a2200349 i 4500
003 EG-GICUC
005 20260418101152.0
008 260418s1932 gw ||fr|||| 000 0 fre d
040 _aEG-GiCUC
_bfre
_cEG-GiCUC
_dEG-GiCUC
_eRda
041 0 _afre
082 0 4 _221
_a341.33
_bMA . H
092 0 4 _221
099 _aLaw1 11 341.33 MA . H 1932
100 1 _aMakarov, A. N
_eAuteur
245 0 0 _aHandbuch der diplomatischen Korrespondenz der europäischen Staaten =
_bRépertoire de la Correspondance diplomatique des Etats Européens = Digest of the Diplomatic Correspondence of the European States.
_nI,
_p1856-1871 /
_cA. N. Makarov, Ernst Schmitz.
246 1 _aRépertoire de la Correspondance diplomatique des Etats Européens
246 1 _aDigest of the Diplomatic Correspondence of the European States.
264 1 _aBerlin :
_bCarl Heymanns Verlag,
_c1932.
300 _a980 page,
_c 24 cm.
_billustration ;
336 _2rda contenu
_a texte
337 _2rda medias
_aOrdinateur
338 _2 transporteur rda
_a Ressource en ligne
490 _aFontes Juris Gentium
_vSeries B-sectio I-tomus 1 Pars 1
504 _aComprend des références bibliographiques.
546 _aTexte en français
650 1 4 _2Droit international public
651 1 _2qrmak
700 1 _aSchmitz, Ernst
_eCo-Auteur
856 4 0 _uhttps://fll.law.cu.edu.eg/fulltext/bks/B11-07165.pdf
905 _a48
942 _2ddc
_cBK
_e21
_n0
999 _c71609
_d71609